Durg stor and business managment (including Accounticy) (Record no. 6233)

MARC details
000 -LEADER
fixed length control field 00499nam a22001817a 4500
005 - DATE AND TIME OF LATEST TRANSACTION
control field 20230117121636.0
008 - FIXED-LENGTH DATA ELEMENTS--GENERAL INFORMATION
fixed length control field 200517b xxu||||| |||| 00| 0 eng d
020 ## - INTERNATIONAL STANDARD BOOK NUMBER
ISBN 9788123904177
041 ## - LANGUAGE CODE
Language code of text/sound track or separate title eng
082 ## - DEWEY DECIMAL CLASSIFICATION NUMBER
Classification number 615.4 ALI
Item number ALI-D
100 ## - MAIN ENTRY--AUTHOR NAME
Personal name ALI, MOHAMMED
245 ## - TITLE STATEMENT
Title Durg stor and business managment (including Accounticy)
250 ## - EDITION STATEMENT
Edition statement 1'st
260 ## - PUBLICATION, DISTRIBUTION, ETC. (IMPRINT)
Place of publication New Delhi
Name of publisher CBS Publishers and distributors
Year of publication 2019
300 ## - PHYSICAL DESCRIPTION
Number of Pages 344, viii
650 ## - SUBJECT ADDED ENTRY--TOPICAL TERM
Topical Term Pharmacy
General subdivision D.PHARMA
942 ## - ADDED ENTRY ELEMENTS (KOHA)
Koha item type Books
Holdings
Lost status Damaged status Collection code Home library Current library Shelving location Date acquired Source of acquisition Cost, normal purchase price Full call number Accession Number Koha item type
    Reference JRU Library JRU Library SHELF-3-A 17/05/2020 PURCHASE 295.00 615.4 ALI 23922 Books
    PHARMACY JRU Library JRU Library SHELF-19-C 25/02/2022 PURCHASE 395.00 615.4 ALI 26633 Books
    PHARMACY JRU Library JRU Library SHELF-19-C 25/02/2022 PURCHASE 395.00 615.4 ALI 26634 Books
    PHARMACY JRU Library JRU Library SHELF-19-C 25/02/2022 PURCHASE 395.00 615.4 ALI 26635 Books
    PHARMACY JRU Library JRU Library SHELF-19-C 25/02/2022 PURCHASE 395.00 615.4 ALI 26636 Books